000 00688nam a2200277Ia 4500
001 Z_3831
003 CHAP
008 220113s1963 xx 000 0 und d
010 _a166892
040 _cCHAP
090 _aFolleto 540
100 _aBautista Villa, Fidel
_910964
245 _aParasitosis ovina /
_cpor Fidel Bautista Villa
260 _aGómez Palacio, Dgo. :
_bBanco Nacional de Comercio Exterior,
_c1963
300 _a25 p.
440 _a
500 _a
503 _a
650 _aGanado lanar
_xParásitos I. Programa de ovinos y lanas
_9141041
901 _aFolleto 540
902 _aA
910 _a1963
942 _cc14
942 _cc14
999 _c166892
_d166892